The roman hat mystery

محفوظ في:
التفاصيل البيبلوغرافية
المؤلف الرئيسي: Queen, Ellery (مؤلف)
التنسيق: كتاب
اللغة:الإنجليزية
منشور في: Nueva York Pocket Books 1940
سلاسل:Pocket Books, 27
الموضوعات:
الوسوم: إضافة وسم
لا توجد وسوم, كن أول من يضع وسما على هذه التسجيلة!

MARC

LEADER 00000nam a2200000 a 4500
001 UCZ8413
003 CL-VaPUC
008 960121e19400000US |||||||||||||||||eng|d
082 0 4 |a 813  |b QUE  |2 21 
100 0 |a Queen, Ellery  |e author  |9 353700 
245 1 4 |a The roman hat mystery 
300 |a 327 p 
942 |c BK 
945 |d 19960121 00:00:00  |a cmena 
260 |a Nueva York  |b Pocket Books  |c 1940 
650 0 |a Literatura estadounidense  |9 317168 
650 0 |a Novelas estadounidenses  |9 265217 
583 |a last modification  |c 19960121 00:00:00  |k Rodrigo Vera 
490 0 |a Pocket Books, 27 
999 |c 244332  |d 244330 
952 |0 0  |1 0  |4 0  |6 813_000000000000000_QUE_1940  |7 0  |8 P  |9 258343  |a BIBEDU  |b BIBEDU  |c BIBEDU_PB  |d 2019-11-19  |i 1618768  |o 813 QUE 1940  |p 1618768  |r 2024-01-25  |w 2019-11-19  |y BK  |k FIL